000 01126nam2a22002411 4500
001 rc\109021
005 20250620201113.0
010 _a5-86218-011-7
_9100000
035 _a(NLR Aleph) 005402806
090 _a7292010
_c7292010
100 _a20021216d1992 |||y0rusy50 ca
101 0 _arus
102 _aRU
105 _aa |||||||||
200 1 _aНеобыкновенные приключения Синего человека
_eЧ. 1-2
_f[Пер. Н. Звенигородской
_gПримеч. Ш. Барим]
210 _d1992
_aБ. м.
215 _a265, [2] с., [8] л. цв. ил.
_d22
461 0 _1001rc\109017
_12001#$aСобрание романов$eПер. с фр.$fЛуи Буссенар$g[Худож. А. Махов]$v[Т. 6]
_1700#1$aБуссенар$bЛ.А.$gЛуи Анри$f1847-1910
_97291975
_aБуссенар, Л.А. (1847-1910)
_cМ.
_d1992-
_fЛуи Буссенар
_nНауч.-изд. центр "Ладомир"
_oПер. с фр.
_tСобрание романов
_y5862180028
_v[Т. 6]
801 0 _aRU
_bNLR
_gpsbo
801 1 _aRU
_bELAR
_2rusmarc
852 _aNLR
_j91-3/6934
942 _cBOOK
980 _aNB